000 00397nam a2200169Ia 4500
003 OSt
005 20240301120904.0
008 170619s9999 xx 000 0 und d
020 _a9780074637128
040 _cIIMT ENGINEERING COLLEGE
100 _aLeon Alexis
245 0 _aEnterprise Resourse Planning
260 _bNew Delhi: TMH
260 _c1999
546 _aENGLISH
942 _2ddc
_c01
999 _c16883
_d16883